000 00897nam a2200229Ii 4500
003 JO-AjNU
008 230605s9999||||xx |||||||||||||| ||und||
017 _a2009/6/2607
020 _a9957-16-546-8
040 _aJO-AjNU
_bara
_erda
_cJO-AjNU
041 _aara
050 1 4 _aK1500.Z395.2010
100 3 _a زين الدين ، صلاح ,
_eauthor
_912174
245 0 0 _aالملكية الصناعية والتجارية : براءات الاختراع - الرسوم الصناعية - النماذج الصناعية - العلامات التجارية - البيانات التجارية
250 _aط2
264 3 1 _aعمان : دار الثقافة ، 2010
300 _a515ص
336 _atext
_btxt
_2rdacontent
337 _aunmediated
_bn
_2rdamedia
338 _avolume
_bnc
_2rdacarrier
650 4 _aالملكية الصناعية -- العلاقات التجارية
_912175
999 _aA2704
_c6272
_d6272